000 00623nam a2200205Ia 4500
008 140429s9999 xx 000 0 und d
020 _a9780470508282
050 _aHD 30.2
_b.R643 2010
100 _aRoehl-Anderson, Janice
245 _aIT best practices for financial managers /
_cJanice Roehl-Anderson.
260 _aNew Jersey :
_bJohn Wiley & Sons Inc.,
_cc2010.
300 _a316 p. :
_bill. ;
_c24 cm.
500 _aIncludes index.
521 _aIT
650 _aBusiness enterprises
_xFinance.
650 _aFinance.
650 _aInformation technology
_xManagement.
942 _kFOR
_cBK
999 _c115570
_d115570